000 00994nam a2200265 a 4500
001 000045243
005 20251124091422.0
008 090707s2013 dr r 000 0 spa d
020 _z9993491977
040 _aDO-SdBNP
_bspa
_cBNPHU
082 _a340.1
_bD663ci
100 1 _aD'Oleo, Frank
_910319
245 1 3 _aLa ciencia jurídica :
_bhistoria y filosofía : introducción a su estudio /
_cFrank D'oleo ; prólogo Mariano A. Rodríguez Rijo.
260 _aSanto Domingo :
_bMediabyte,
_c2013.
300 _a227 p. ;
_c21 cm.
500 _aIncluye datos biográficos del autor en las solapas
500 _aIncluye referencias bibliográficas y notas al pìe de las páginas.
504 _aBibliografía: p. 225-227
590 _aInventariado, 2018/BT
650 4 _aFilosofía del derecho
_xHistoria
_973268
650 0 _aDerecho y ética
_99512
650 0 _aÉtica legal
_96420
700 1 2 _aRodríguez Rijo, Mariano A.,
_epról.
_910341
910 _aValidado. Control de Calidad. MFF
999 _c44732
_d44732